000 00427nam a2200169Ia 4500
003 GCL
008 140319s9999 xx 000 0 eng d
040 _aGCL /
_cGCL
082 0 4 _a745.592
_bB J
100 1 _aBATEN, LEA
245 1 0 _aJAPANESE FLOK TOYS: THE PLAYFUL ARTS /
_cBATEN, LEA
260 _a[S.N] :
_bSHUFUNOTOMO CO., LTD ،
_c1992
650 0 4 _aJAPAN
650 0 4 _aTOYS
650 0 4 _aART, JAPAN
942 _2ddc
_cBK
999 _c19167
_d19167